000 00621nam a2200217Ia 4500
005 20250508165024.0
008 008 250505s9999 xx 000 0 eng d
020 _a81-203-0816-6
037 _aTextual
040 _aFEDL
_beng
_cFEDL
041 _aeng
_2eng
084 _a001.64, BRE
_qFEDL
100 _aBrenner Robert C
_9779726
245 0 _aIBM PC advanced trouleshooting and repair
260 _aNew Delhi, India
_bPrentice Hall of India Private Limited
_c1993
300 _axiii,289p.
365 _aINR
_b95
546 _aMACESE
942 _cTEXL
_h001.64, BRE
999 _c1392708
_d1392708